Fundamentals of Communication System (Record no. 5012)

MARC details
005 - DATE AND TIME OF LATEST TRANSACTION
control field 20250625104350.0
020 ## - INTERNATIONAL STANDARD BOOK NUMBER
International Standard Book Number 978-0-07-148280-6
082 ## - DEWEY DECIMAL CLASSIFICATION NUMBER
Classification number 621.382 FIT
100 ## - MAIN ENTRY--PERSONAL NAME
Author name FITZ, P. M
245 ## - TITLE STATEMENT
Title Fundamentals of Communication System
260 ## - PUBLICATION, DISTRIBUTION, ETC.
Place of publication, distribution, etc. New York
Name of publisher, distributor, etc. McGraw Hill
Date of publication, distribution, etc. 2007.
300 ## - PHYSICAL DESCRIPTION
Extent xxxii, 645p.: Ill.; figures
Other physical details Index
Dimensions 24cm
942 ## - ADDED ENTRY ELEMENTS (KOHA)
Source of classification or shelving scheme Dewey Decimal Classification
Koha item type Books
Holdings
Date last seen Total checkouts Full call number Barcode Cost, replacement price Price effective from Koha item type Lost status Source of classification or shelving scheme Damaged status Not for loan Withdrawn status Home library Current library Shelving location Date acquired Source of acquisition Cost, normal purchase price
06/25/2025   621 FIT MZA0002093 150000.00 06/25/2025 Books   Dewey Decimal Classification       CBE Mwanza CBE Mwanza General Collection 07/16/2007 Library Budget 50000.00
06/26/2025   621 FIT MZA0002160   06/26/2025 Books   Dewey Decimal Classification       CBE Mwanza CBE Mwanza General Collection 07/16/2025 Library Budget  
06/26/2025   621 FIT MZA0002161   06/26/2025 Books   Dewey Decimal Classification       CBE Mwanza CBE Mwanza General Collection 07/16/2025 Library Budget